Statistics for American Civil War A to Z

Click here to take the quiz!

General Stats

  • This quiz has been taken 31 times
  • The average score is 14 of 25

Answer Stats

LetterHintAnswer% Correct
ASecond state to secede from the UnionAlabama
100%
GSmall town in Pennsylvania where the bloodiest battle of the war was foughtGettysburg
95%
RSecond Confederate capitalRichmond
91%
KBorder state that started the war neutralKentucky
86%
VMost populous state in the CSAVirginia
82%
IThe backbone of armies, men who fight on footInfantry
77%
PNorthern state that the Army of Northern Virginia marched into in 1863Pennsylvania
77%
UForemost Union general towards the end of the warUlysses Grant
73%
CThe war began in this Southern city's harborCharleston
68%
NBiggest city in the Confederacy, captured early in the warNew Orleans
68%
WState that seceded from the aboveWest Virginia
68%
YColloquial term for NorthernersYankee
68%
BEarly battle in northern VirginiaBull Run/Manassas
64%
JMilitant abolitionist executed before the warJohn Brown
64%
MHighest rank in the Union army at the start of the warMajor General
55%
SHuge early battle in Tennessee; name ironically means "peace"Shiloh
45%
QConfederate who led a unit of partisan cavalryQuantrill
27%
TEarthwork used in the Siege of Petersburg, among othersTrench
27%
LRocky hill defended by the 20th Maine during GLittle Round Top
23%
ZFighting and uniform style based on French North African soldiersZouave
23%
FSite of a horrific massacre of African-American soldiers by Confederate cavalryFort Pillow
18%
OLargest battle fought in FloridaOlustee
18%
DControversial Union political general, wounded at GettysburgDaniel Sickles
14%
HCanvas bag used by soldiers to carry ammunition and rationsHaversack
14%
EModel of rifle musket widely used on both sidesEnfield 1853
5%

Score Distribution

Percentile by Number Answered

Percent of People with Each Score

Your Score History

You have not taken this quiz